LDR 00677naa#a2200181#i#450# 001 EN\\bibl\124524 005 20260601094034.1 011 ## _a2413-046X 100 ## _a20260527b2026####ek#y0engy0150####ca 102 ## _aRU 200 1# _aMECHANISM FOR ENSURING REGIONAL SOCIO-ECONOMIC DEVELOPMENT BASED ON THE USE OF TRANSPORT AND INFRASTRUCTURE FACTOR _eJournal article 210 1# _aMoscow _cElectronic science _d2026 215 ## _a11 с. 608 ## _aJournal article _2local 675 ## _aРегиональная экономика. Территориальная экономика. 332.1 _z 700 #1 _aBelova _gElena Vyacheslavovna 700 #1 _aRazumova _gYuliya Viktorovna 856 4# _ae-integral.ru _u